Sports Quiz

Random Sports or Football Quiz
Score 0/21 Timer 10:00
0 Plays Today
Year(s) Started Quarterback % Correct
2015-presentNathan Peterman
84.6%
2004-2006Tyler Palko
83.6%
2001, 2002-2003Rod Rutherford
74.2%
2010-2012Tino Sunseri
71.7%
2013Tom Savage
67.3%
1989-1992Alex Van Pelt
64.8%
2008-2009Bill Stull
64.2%
1995, 1996, 1997Pete Gonzalez
62.3%
2007, 2008 (1 game)Pat Bostick
55.3%
2014-2015Chad Voytik
52.5%
1983-1986John Congemi
44.7%
Year(s) Started Quarterback % Correct
1999, 2000, 2001David Priestley
37.7%
2007Kevan Smith
37.7%
1995, 1996, 1998Matt Lytle
35.8%
1999, 2000John Turman
35.8%
1987, 1988Darnell Dickerson
27.7%
1992, 1993-1995John Ryan
23.9%
1986 (1 game), 1987Sal Genilla
18.2%
1994Sean Fitzgerald
9.4%
1998 (1 game)Matt O'Connor
7.5%
1986Joe Felitsky
2.5%
Remove Ads.
Support Sporcle.
Get the best of Sporcle when you Go Orange. This ad-free experience offers more features, more stats, and more fun while also helping to support Sporcle. Thank you for becoming a member.

You're not logged in!

Compare scores with friends on all Sporcle quizzes.
OR
Log In

Show Comments

Extras

Top Quizzes Today


Score Distribution

Your Account Isn't Verified!

In order to create a playlist on Sporcle, you need to verify the email address you used during registration. Go to your Sporcle Settings to finish the process.

Report this User

Report this user for behavior that violates our Community Guidelines.

Details: